Регионална библиотека "Любен Каравелов" - Русе

Михаел Шумахер (Запис номер 170371)

MARC детайли
000 -Лидер
Контролно поле с фиксирана дължина 01867nam a2200469 c 4500
003 - Код на организацията, давaща контролен номер
Контролно поле BLK
005 - Дата и час на последна редакция
Контролно поле 20250527154513.0
008 - Елементи от данни с фиксирана дължина
fixed length control field 180411b bul|||||r ||||||| ||bul||
010 ## - Наследен системен номер
LC control number KNG00178510000
020 ## - Международен стандартен номер на книга ISBN
Международен стандартен номер на книга ISBN 978-954-28-1747-5
-- издат.: Сиела Норма
040 ## - Източник на каталожния запис
Идентификатор на билиотеката - собственик на записа BLK
041 ## - Код за език
Код за езика на текст/звукозапис или на отделно заглавие Български
Код за езика КДБФ Български
072 #7 - Код за тематичната категория
Код организация bullib
Код за тематична категория Н79
Текст Спорт Н
080 ## - УДК
Текстов определител УДК Автомобилен спорт
УДК код - определител по УДК 796.71
УДК определител .071(430)(092)
УДК - код + определител 796.71.071(430)(092)
080 ## - УДК
Текстов определител УДК Немски пилот от Формула 1
УДК код - определител по УДК 929 Шумахер, Михаел
УДК определител
УДК - код + определител 929 Шумахер, Михаел
100 1# - Редна дума - Автор
Автор Щурм, Карин
Авторска отговорност първи автор
R(LIN) 144709
139 ## - Редно поле
Редна дума Щурм, Карин
Авторски знак Шум - Ш 97
245 10 - Сведения за заглавието
Заглавие Михаел Шумахер
Подзаглавни данни Биографията
Редно поле (дума) Карин Щурм; прев. от нем. Петър Георгиев.
257 ## - Страна на издаване
Страна на създаване/издаване Германия
260 ## - Област на издателските данни
-- София
Име на издателя, разпространителя и проч. Сиела Норма
Година на издаване 2015
300 ## - Физическа характеристика
Страници 259 с., 8 л.
Илюстрации и др. цв. сн.
Размери/Мащаб 23 см
380 ## - Жанр
Жанр 793/799 Спорт
500 ## - Общи забележки
Забележка Ориг. загл. Michael Schumacher : Die Biografie by Karin Sturm.
600 14 - Име на лице, използвано като предмет
За него / За нея Шумахер, Михаил
9 (RLIN) 307251
650 #4 - Допълнително описание по предмет – тема
Основно описание – тема или топоним Автомобилен спорт
9 (RLIN) 338528
650 #4 - Допълнително описание по предмет – тема
Основно описание – тема или топоним Спортисти, немски
9 (RLIN) 338529
650 #4 - Допълнително описание по предмет – тема
Основно описание – тема или топоним Шумахер, Михаел
9 (RLIN) 338530
651 #4 - Допълнително описание по предмет - топоним
Географско понятие Германия
9 (RLIN) 178754
653 ## - Ключова дума – ненормативна
Ключова дума Михаел Шумахер
653 ## - Ключова дума – ненормативна
Ключова дума спортисти
653 ## - Ключова дума – ненормативна
Ключова дума автомобилен спорт
653 ## - Ключова дума – ненормативна
Ключова дума Формула 1
653 ## - Ключова дума – ненормативна
Ключова дума биографии
659 ## - Тематичен бюлетин
Тематичен бюлетин Н
700 1# - Други автори (авторска отговорност)
Лично име Георгиев, Петър
Автороска отговорност (Описва отношението между автора и произведението) прев. от нем.
9 (RLIN) 367922
852 ## - Местоположение
Форматна сигнатура Цб 275532
856 4# - Електронен адрес и достъп
Електронен формат pdf - файл
Път до файла /url/
856 4# - Електронен адрес и достъп
Електронен формат pdf - файл
Път до файла /url/
942 ## - АРТИКУЛИ
Вид на библиотечния материал Книги
Скрит в OPAC Не
Koha issues (borrowed), all copies 13
944 ## - СЪЗДАВАНЕ И РЕДАКЦИЯ на ЗАПИСА
Създаване/Редакция Създаване
Дата на регистрацията/редакция 20.07.2015
Статус, дата на статуса Цветелина Шанова
Служител, извършил регистрацията/редакцията 30531
944 ## - СЪЗДАВАНЕ И РЕДАКЦИЯ на ЗАПИСА
Създаване/Редакция Редакция
Дата на регистрацията/редакция 18.10.2016
Статус, дата на статуса ф /
Служител, извършил регистрацията/редакцията Пенка_Димитрова
999 ## - СИСТЕМНИ КОНТРОЛНИ НОМЕРА
Koha biblionumber 170371
Koha biblioitemnumber 170371
Наличности
Код за отписване Код за изгубен артикул Код за повреда Коз за рестрикции Код за отдаване Артикулен № Име на библиотеката - собственик Име на библиотеката, в която се намира в момента Статус (Текущо местоположение) Дата на вписване в системата Местоположение - отдел Цена в лева Инвентарен номер Систематично азбучна сигнатура Баркод Номер на екземпляра Цена в евро Служебна бележка Служебен тип на артикула
  Не е изгубен Не е повреден без рестрикции заемане за дома 288618 Регионална библиотека "Любен Каравелов" Русе Регионална библиотека "Любен Каравелов" Русе Заемна - подръчен фонд 2015-07-21 Заемна - подръчен фонд 11.62 120000790334 П 796/799(092)/Ш 97 120000790334 1 5.94 Дост: Pk Вид: Ф N: 522 Дата: 17.07.2015 Дата инв: 15.02.2018 Бележки инв: П2018 Книги
  Не е изгубен Не е повреден без рестрикции ползва се в читалня 288619 Регионална библиотека "Любен Каравелов" Русе Регионална библиотека "Любен Каравелов" Русе Хранилище 2016-10-18 Хранилище 14.90 120000804943 Цб 275532 120000804943 2 7.62 Дост: Dp Вид: Д N: 39 Дата: 30.08.2016 Книги
Vip Innovations Ltd, Rousse, Bulgaria 2025